Maverick guide to Vietnam, Laos, and Cambodia.

For the adventurous and experimental, Southeast Asia provides an enlightening and memorable vacation destination which has remained primarily untouched by Western inlfuences.

সংরক্ষণ করুন:
গ্রন্থ-পঞ্জীর বিবরন
প্রধান লেখক: Rutledge, Len
বিন্যাস: গ্রন্থ
ভাষা:Undetermined
প্রকাশিত: Gretna Pelican publishing 1993
বিষয়গুলি:
ট্যাগগুলো: ট্যাগ যুক্ত করুন
কোনো ট্যাগ নেই, প্রথমজন হিসাবে ট্যাগ করুন!
Thư viện lưu trữ: Trung tâm Học liệu Trường Đại học Cần Thơ
LEADER 00745nam a2200193Ia 4500
001 CTU_229044
008 210402s9999 xx 000 0 und d
082 |a 915.9 
082 |b R981 
100 |a Rutledge, Len 
245 0 |a Maverick guide to Vietnam, Laos, and Cambodia. 
245 0 |c Len Rutledge 
260 |a Gretna 
260 |b Pelican publishing 
260 |c 1993 
520 |a For the adventurous and experimental, Southeast Asia provides an enlightening and memorable vacation destination which has remained primarily untouched by Western inlfuences. 
650 |a Hướng dẫn dụ lich (hướng dẫn sử dung),Tour guides (manuals) 
910 |b dqhieu 
980 |a Trung tâm Học liệu Trường Đại học Cần Thơ